000 00990nam a2200253 i 4500
001 170478
003 ES-MaACL
005 20240505063027.0
007 t|
008 090309s1980 fr ||||1| fre d
080 _a782(44)
100 1 _aCocteau, Jean,
_d1889-1963
_939410
245 1 0 _aOedipus rex
_b= Oedipe roi : opéra-oratorio en deux actes d'après Sophocle /
_cmusique de Igor F. Stravinsky ; texte de Jean Cocteau, mis en latin par Jean Daniélou ; traduction française et commentaires de André Robbe.
246 1 1 _aOedipe roi
260 _aParis :
_bThéâtre National de l'Opéra,
_c1980.
300 _a64 p. ;
_c21 cm.
546 _aLibreto en latín, y traducción en francés.
700 0 _aSófocles.
_9107023
700 1 _aStravinsky, Igor.
_9139612
700 0 _aDaniélou, Jean.
_942633
710 2 _aOpéra national de Paris.
_915716
852 4 _aES-MaACL
_jE-12497
_9R.140075
_z. - Biblioteca Jacinto Martínez Lacalle
999 _c170478
_d170478